| 000 | 01595cam a2200373 a 4500 | ||
|---|---|---|---|
| 001 | EDZ0000067482 | ||
| 003 | StDuBDS | ||
| 005 | 20161031105107.0 | ||
| 006 | m||||||||d|||||||| | ||
| 007 | cr ||||||||||| | ||
| 008 | 120327s2001 enk fo| 000|0|eng d | ||
| 020 |
_a9781446218990 (ebook) : _cNo price |
||
| 040 |
_aStDuBDS _beng _cStDuBDS _epn |
||
| 049 | _aAlfaisal Main Library | ||
| 050 | 4 | _aHM621 | |
| 082 | 0 | 4 |
_a306 _223 |
| 245 | 0 | 0 |
_aCitizenship and cultural policy _h[electronic resource] / _cedited by Denise Meredyth and Jeffrey Minson. |
| 260 |
_aLondon : _bSAGE, _c2001. |
||
| 300 | _a1 online resource (xxx, 166 p.) | ||
| 520 | 8 | _aAmong the topics explored are the strengths and weaknesses of the 'civilizing mission' of museums; the moralism of 'Third Way' politics; the proper base for funding culture and the arts; the impact of globalization on culture and citizenship; the fantasies of freedom in Internet use; the tensions between human rights advocacy and citizenship; and the place of citizen ideals in governance. | |
| 521 | _aSpecialized. | ||
| 588 | _aDescription based on print version record. | ||
| 504 | _aIncludes bibliographical references. | ||
| 650 | 0 | _aCulture. | |
| 650 | 0 | _aCitizenship. | |
| 650 | 0 | _aArts and society. | |
| 655 | 7 |
_aElectronic books. _2local |
|
| 700 | 1 | _aMeredyth, Denise. | |
| 700 | 1 |
_aMinson, Jeffrey, _d1947- |
|
| 710 | 2 | _aSage eBooks | |
| 776 | 0 | 8 |
_iPrint version : _z9780761962946 |
| 856 | 4 | 0 | _uhttp://ezproxy.alfaisal.edu/login?url=http://sk.sagepub.com/books/citizenship-and-cultural-policy |
| 942 |
_2lcc _cEBOOKS |
||
| 999 |
_c479195 _d479195 |
||